000
00325nam a22001337a 4500
999
_c
8162
_d
8162
003
OSt
005
20200806151104.0
008
200806b ||||| |||| 00| 0 eng d
082
_a
721.04
100
_a
Klaus Dunkelberg
245
_a
IL 31 Bambus bamboo
260
_b
Institute fur leichte flachentragwerke
_c
1985
942
_2
ddc